000 00752cam a22002893a 4500
001 0000675
003 DO-SdBNP
005 20180207112823.0
007 0000675
008 861112 1992 sp 000 0 spa d
010 _a
020 _a843483698X
040 _aBPMSU
_cspa
_dBPMSU
_d
100 1 _aCarranza, Maite
240 1 3 _aLa nit dels aratams
_lcat.
245 1 3 _aLa selva de los Aratams /
_cMaite Carranza.
260 _aMadrid :
_bSM,
_c1992.
300 _a175 p. ;
_c21 cm.
490 1 _aGran angular
_v118
586 _aPremio JoaquĆ­n Ruyra, 1989
600 0 0 _a
_x
700 1 2 _aCarranza, Maite
_etrad.
830 0 _aGran angular
_n118
942 _2ddc
_cBK
945 _aInventariado, 2018 /LP
956 _2YLOCKWARD
_310
_8BPMSU
999 _c11384
_d11384